000
00429nam a2200169Ia 4500
008
090711s9999 xx 000 0 und d
082
_b
9465
100
_a
नाईक राम
245
_a
तिSाा भाऊ
260
_c
1962
300
_a
71
600
_a
नाईक राम
630
_a
तिSाा भाऊ
700
_a
नाईक राम
730
_a
तिSाा भाऊ
942
_c
BOOK
999
_c
303466
_d
303466